000 00745cab a2200241 4500
001 ABS45195
008 090401t1991 xxu||||| |||| 00| 0 eng d
035 _a(Sirsi) u51454
041 _aeng
100 _aPettipher, M.
245 _aCouncil maintenance
260 _c1991
350 _a0
490 _aNew Builder
_v(101) 10 October 1991, 28(1)
520 _aDiscusses the effects that compulsory competitive tendering has had on local government building and maintenance in Scotland.
650 _aCOMPULSORY COMPETITIVE TENDERING
650 _aLOCAL AUTHORITIES
650 _aBUILT ENVIRONMENT-BUILDING MAINTENANCE AND REFURBISHMENT
650 _aSCOTLAND
690 _aBUILT ENVIRONMENT
942 _n0
948 _c04/03/1997
999 _c31953
_d31953